000 00305nam a2200121Ia 4500
005 20260328101515.0
008 260328s9999||||xx |||||||||||||| ||und||
100 _aMege-Scarabin, Jeanne
245 0 _aVillas Bretonnes /
_cJeanne Mege-Scarabin
260 _bCharles Massin
650 _aVIVIENDA
942 _cBK
999 _c9355
_d9355